| 000 | 007660000a22002290004500 | ||
|---|---|---|---|
| 003 | LK-CoMWRAF | ||
| 005 | 20240212175806.0 | ||
| 008 | 230817t2005 ||||| |||| 00| 0 eng d | ||
| 040 |
_aLK-CoMWRAF _dLK-CoMWRAF _eLK-CoMWRAF |
||
| 041 | _aeng | ||
| 082 |
_a363.349 _bSRI |
||
| 110 | _aSri Lanka, Government | ||
| 245 |
_aSri Lanka: _bPost Tsunami Recovery and Reconstruction |
||
| 260 |
_a[Colombo]: _bReconstruction and Development Agency, _c2005 |
||
| 300 | _a55 p. : col. ill., 1 col. map ; 31 cm. | ||
| 650 | _aDisaster relief--Sri Lanka | ||
| 650 | _aDisaster victims--Rehabilitation--Sri Lanka | ||
| 650 | _aTsunamis--Sri Lanka | ||
| 650 | _aIndian Ocean Tsunami, 2004 | ||
| 856 | _uhttps://www.preventionweb.net/files/2180_VL323142.pdf | ||
| 942 | _cRP | ||
| 999 |
_c2260 _d2260 |
||